[Event "VIII. Karnevals-Open"]
[Site "Solingen"]
[Date "2017.02.24"]
[Round "1.1"]
[White "Coenen, Michael"]
[Black "Bießner, Eberhard"]
[Result "1-0"]
[WhiteElo "2379"]
[BlackElo "1833"]
[PlyCount "49"]
[EventDate "2017.??.??"]

1. e4 Nf6 2. e5 Nd5 3. g3 d6 4. exd6 exd6 5. Bg2 Nf6 6. Ne2 d5 7. d4 c6 8. O-O
Bd6 9. c4 Be6 10. Nbc3 dxc4 11. Bg5 Be7 12. Nf4 Bd7 13. Bxf6 Bxf6 14. Re1+ Be7
15. Qe2 Kf8 16. d5 g5 17. Nh5 Bb4 18. Qe5 f6 19. Nxf6 Kf7 20. Nh5 Rg8 21. dxc6
Bxc3 22. bxc3 Nxc6 23. Bxc6 bxc6 24. Rad1 Kg6 25. g4 1-0

[Event "VIII. Karnevals-Open"]
[Site "Solingen"]
[Date "2017.02.24"]
[Round "1.2"]
[White "Fränzel, Dr. Marius"]
[Black "Xu, Xianliang"]
[Result "0-1"]
[WhiteElo "1809"]
[BlackElo "2323"]
[PlyCount "42"]
[EventDate "2017.??.??"]

1. e4 c5 2. c3 Nf6 3. e5 Nd5 4. d4 cxd4 5. Nf3 Nc6 6. Bc4 Nb6 7. Bb3 g6 8. cxd4
Bg7 9. Bf4 d6 10. Ng5 e6 11. exd6 Nxd4 12. Nc3 O-O 13. O-O e5 14. Be3 Qxd6 15.
Nce4 Qe7 16. Bxd4 exd4 17. Nxf7 Rxf7 18. Re1 Be6 19. Nc5 Bxb3 20. Qxb3 Qxc5 21.
Rac1 Qd5 0-1

[Event "VIII. Karnevals-Open"]
[Site "Solingen"]
[Date "2017.02.24"]
[Round "1.3"]
[White "Marcziter, Dr. Dmitrii"]
[Black "Vehmeyer, Thomas"]
[Result "1-0"]
[WhiteElo "2277"]
[BlackElo "1804"]
[PlyCount "73"]
[EventDate "2017.??.??"]

1. d4 Nf6 2. c4 g6 3. Nf3 Bg7 4. g3 b6 5. Bg2 Bb7 6. O-O O-O 7. Nc3 d5 8. Ne5
c6 9. e4 dxc4 10. Nxc4 Ba6 11. b3 Nfd7 12. Bb2 b5 13. Ne3 b4 14. Ne2 Nb6 15.
Re1 N8d7 16. Qc2 Rc8 17. Rad1 e6 18. a4 h5 19. Nf4 h4 20. Nd3 Bxd3 21. Rxd3 Qe7
22. a5 Na8 23. Nc4 Nc7 24. Rdd1 Nb5 25. e5 Qg5 26. Re4 hxg3 27. hxg3 Nc7 28.
Nd6 Nd5 29. Nxc8 Rxc8 30. Rh4 f5 31. exf6 N7xf6 32. Bh3 Re8 33. Re1 Nh5 34.
Qxc6 Re7 35. Bc1 Qf6 36. Bxe6+ Kf8 37. Qxd5 1-0

[Event "VIII. Karnevals-Open"]
[Site "Solingen"]
[Date "2017.02.24"]
[Round "1.4"]
[White "Lukoviczki, Matyas"]
[Black "Küppers, Timo"]
[Result "0-1"]
[WhiteElo "1782"]
[BlackElo "2202"]
[PlyCount "58"]
[EventDate "2017.??.??"]

1. e4 c5 2. f4 Nc6 3. Nf3 g6 4. a3 Bg7 5. Nc3 d6 6. Bc4 e6 7. d3 Nge7 8. O-O
O-O 9. Ba2 Nd4 10. Be3 Rb8 11. Bxd4 cxd4 12. Ne2 b5 13. Ng3 Bd7 14. h4 b4 15.
h5 Qc7 16. Ng5 bxa3 17. bxa3 d5 18. Qg4 h6 19. Nh3 Rb7 20. Rf2 Qc3 21. Raf1
Qxa3 22. Bb3 f5 23. exf5 gxf5 24. Qd1 a5 25. Qa1 Qxa1 26. Rxa1 a4 27. Ba2 Rc8
28. Rc1 Rb2 29. Bb1 a3 0-1

[Event "VIII. Karnevals-Open"]
[Site "Solingen"]
[Date "2017.02.24"]
[Round "1.5"]
[White "Arndt, Stefan"]
[Black "Meckel, Helmut"]
[Result "1-0"]
[WhiteElo "2197"]
[BlackElo "1782"]
[PlyCount "39"]
[EventDate "2017.??.??"]

1. e4 e5 2. Nf3 Nc6 3. Bc4 Nf6 4. d4 exd4 5. e5 d5 6. Bb5 Bb4+ 7. c3 dxc3 8.
bxc3 Qe7 9. O-O Ng4 10. cxb4 Be6 11. h3 h5 12. Qa4 Bd7 13. Bb2 O-O-O 14. Bxc6
Bxc6 15. b5 Bd7 16. Qxa7 Bxb5 17. Rc1 Bc6 18. Nbd2 Kd7 19. Nb3 b6 20. Rxc6 1-0

[Event "VIII. Karnevals-Open"]
[Site "Solingen"]
[Date "2017.02.24"]
[Round "1.6"]
[White "Brinkmann, Katharina"]
[Black "Moser, Axel"]
[Result "0-1"]
[WhiteElo "1777"]
[BlackElo "2178"]
[PlyCount "71"]
[EventDate "2017.??.??"]

1. d4 f5 2. c4 Nf6 3. Nc3 d6 4. Bg5 Nbd7 5. Qc2 g6 6. e4 fxe4 7. Nxe4 Bg7 8.
Bd3 O-O 9. Ne2 Nxe4 10. Bxe4 c5 11. Rd1 cxd4 12. Bd5+ Kh8 13. Nxd4 Qa5+ 14. Qd2
Qxd2+ 15. Rxd2 h6 16. Bh4 Rf4 17. Bxe7 Rxd4 18. Re2 Nb6 19. Bxd6 Nxd5 20. cxd5
Bf5 21. Be5 Bxe5 22. Rxe5 Re4+ 23. Rxe4 Bxe4 24. f3 Bxd5 25. b3 Rc8 26. Kd2 Kg7
27. Kd3 Kf6 28. Re1 Be6 29. Re2 Bf5+ 30. Kd4 Rc2 31. Rxc2 Bxc2 32. Kd5 Bb1 33.
a3 Ba2 34. Kd6 Bxb3 35. Kc7 Bd5 36. f4 0-1

[Event "VIII. Karnevals-Open"]
[Site "Solingen"]
[Date "2017.02.24"]
[Round "1.7"]
[White "Terhuven, Patrick"]
[Black "Humbek, Olav"]
[Result "1-0"]
[WhiteElo "2157"]
[BlackElo "1762"]
[PlyCount "49"]
[EventDate "2017.??.??"]

1. d4 Nf6 2. Nf3 g6 3. g3 Bg7 4. Bg2 d5 5. c4 O-O 6. cxd5 Nxd5 7. O-O Nb6 8.
Nc3 Nc6 9. d5 Ne5 10. Nd4 Bd7 11. f4 Ng4 12. e4 Rc8 13. e5 f5 14. h3 Nh6 15.
Be3 Kh8 16. Rc1 Nc4 17. Bf2 a6 18. Qe2 b5 19. a4 b4 20. Qxc4 bxc3 21. Rxc3 Nf7
22. Ne6 Bxe6 23. dxe6 Nh6 24. Rd3 Qe8 25. Bc6 1-0

[Event "VIII. Karnevals-Open"]
[Site "Solingen"]
[Date "2017.02.24"]
[Round "1.8"]
[White "Müdder, Melanie"]
[Black "Gassmann, Dr. Volker"]
[Result "1-0"]
[WhiteElo "1745"]
[BlackElo "2155"]
[PlyCount "83"]
[EventDate "2017.??.??"]

1. e4 Nf6 2. Nc3 d5 3. e5 d4 4. exf6 dxc3 5. fxg7 cxd2+ 6. Bxd2 Bxg7 7. Qf3
Bxb2 8. Rd1 Qd6 9. Bc4 O-O 10. Ne2 Nc6 11. O-O Ne5 12. Qg3+ Qg6 13. Qb3 Nxc4
14. Qxc4 Be5 15. Nf4 Qc6 16. Qd3 Qd7 17. Qe2 Bd6 18. h3 Qf5 19. Qf3 e5 20. Qg3+
Kh8 21. Bc3 f6 22. Nd5 Be6 23. Ne3 Qg6 24. Qf3 e4 25. Qe2 Bxh3 26. Rd5 Rg8 27.
f4 Rg7 28. Rh5 Bd7 29. f5 Qf7 30. Rh6 Be5 31. Bxe5 fxe5 32. Qf2 Rag8 33. Qh4
Bc6 34. Kh2 Rg5 35. Rh1 Qg7 36. g4 Qd7 37. Kg3 R5g7 38. f6 Rf7 39. g5 Bb5 40.
g6 Rxg6+ 41. Rxg6 Qd2 42. Qg5 1-0

[Event "VIII. Karnevals-Open"]
[Site "Solingen"]
[Date "2017.02.24"]
[Round "1.9"]
[White "Daverkausen, Bernd"]
[Black "Toval, David"]
[Result "1-0"]
[WhiteElo "2124"]
[BlackElo "1739"]
[PlyCount "45"]
[EventDate "2017.??.??"]

1. Nf3 Nf6 2. c4 e6 3. g3 b6 4. Bg2 Bb7 5. O-O d5 6. d4 c5 7. cxd5 Nxd5 8. Nc3
cxd4 9. Qxd4 Nc6 10. Qa4 Nxc3 11. bxc3 a6 12. Ne5 b5 13. Qf4 Nxe5 14. Bxb7 Rb8
15. Bg2 Bd6 16. Be3 O-O 17. Qe4 Nc4 18. a4 Nxe3 19. Qxe3 Qb6 20. Qxb6 Rxb6 21.
Rab1 b4 22. Rfd1 b3 23. a5 1-0

[Event "VIII. Karnevals-Open"]
[Site "Solingen"]
[Date "2017.02.24"]
[Round "1.10"]
[White "Foth, Stefan"]
[Black "Bub, Volker"]
[Result "0-1"]
[WhiteElo "1735"]
[BlackElo "2095"]
[PlyCount "108"]
[EventDate "2017.??.??"]

1. d4 Nf6 2. Nf3 g6 3. b3 Bg7 4. Bb2 c5 5. d5 O-O 6. e3 d6 7. Be2 Na6 8. O-O
Nc7 9. c4 b5 10. Nbd2 bxc4 11. bxc4 Rb8 12. Bc3 e5 13. Qc2 Qe7 14. Rab1 Bf5 15.
e4 Bd7 16. Nb3 Ba4 17. Qd3 Bxb3 18. Rxb3 Rxb3 19. axb3 Rb8 20. Bd1 Na6 21. Bc2
Qb7 22. Ra1 Nd7 23. g4 Nb4 24. Bxb4 cxb4 25. h4 Nc5 26. Qe3 Ra8 27. h5 Qd7 28.
Nh2 Bf6 29. g5 Bg7 30. h6 Bh8 31. Qf3 Qe7 32. Qg4 a5 33. Rb1 Rf8 34. Qg3 f6 35.
gxf6 Bxf6 36. f3 Bh4 37. Qg2 Qf6 38. Rf1 Qf4 39. Ng4 Bg5 40. Qh2 Qxh2+ 41. Kxh2
a4 42. bxa4 b3 43. Bb1 Nxa4 44. Kg2 Nc3 45. c5 dxc5 46. Nxe5 Bxh6 47. Nc6 Bf4
48. Na5 Rb8 49. Nc4 Rb4 50. Nb2 c4 51. Bd3 cxd3 52. Nxd3 Rd4 53. Nxf4 b2 54.
Ne2 Rd2 0-1

[Event "VIII. Karnevals-Open"]
[Site "Solingen"]
[Date "2017.02.24"]
[Round "1.11"]
[White "Scholzen, Wolfgang"]
[Black "Bungarten, Jona"]
[Result "1-0"]
[WhiteElo "2076"]
[BlackElo "1716"]
[PlyCount "61"]
[EventDate "2017.??.??"]

1. d4 d5 2. Nf3 Nf6 3. c4 e6 4. Bg5 Be7 5. Nc3 O-O 6. e3 c6 7. Qc2 Nbd7 8. Bd3
dxc4 9. Bxc4 b5 10. Bd3 Bb7 11. O-O a6 12. e4 h6 13. Be3 Rc8 14. Rfd1 Qc7 15.
Rac1 c5 16. e5 Nd5 17. Nxd5 Bxd5 18. Qd2 Qb7 19. Be2 Rfd8 20. Bxh6 Bxa2 21. Bg5
Bxg5 22. Nxg5 Nxe5 23. Qc2 cxd4 24. Qh7+ Kf8 25. Rxc8 Rxc8 26. Qh8+ Ke7 27.
Qxg7 Qd5 28. f4 Nc4 29. Nxf7 Nxb2 30. Ng5+ Kd8 31. Rxd4 1-0

[Event "VIII. Karnevals-Open"]
[Site "Solingen"]
[Date "2017.02.24"]
[Round "1.12"]
[White "Weinkauf, Viktor"]
[Black "Görke, Joachim"]
[Result "0-1"]
[WhiteElo "1713"]
[BlackElo "2075"]
[PlyCount "110"]
[EventDate "2017.??.??"]

1. d4 Nf6 2. c4 g6 3. Nc3 d5 4. cxd5 Nxd5 5. e4 Nxc3 6. bxc3 Bg7 7. Be3 c5 8.
Rc1 O-O 9. Bc4 Nc6 10. Ne2 Na5 11. Bd3 cxd4 12. cxd4 Bg4 13. O-O a6 14. a4 Nc6
15. f3 Bd7 16. Qb3 a5 17. Bb5 Nb4 18. Nc3 Rc8 19. Bxd7 Qxd7 20. Nb5 Rxc1 21.
Rxc1 Rc8 22. Rc4 Rxc4 23. Qxc4 Qc6 24. Na3 Qxc4 25. Nxc4 Nc2 26. d5 Nxe3 27.
Nxe3 Bd4 28. Kf2 b5 29. axb5 a4 30. Ke2 a3 31. Nc2 a2 32. Kd3 Be5 33. b6 Kf8
34. Kc4 Ke8 35. Kb5 Kd7 36. Ka6 Bxh2 37. Kb7 h5 38. Ka8 h4 39. b7 e6 40. dxe6+
Kxe6 41. b8=Q Bxb8 42. Kxb8 Ke5 43. Kc7 Kf4 44. Kd6 Kg3 45. Ke7 Kxg2 46. Kxf7
h3 47. e5 h2 48. e6 h1=Q 49. f4 Qc1 50. e7 Qxc2 51. e8=Q a1=Q 52. f5 Qxf5+ 53.
Kg8 Qa2+ 54. Kh8 Qb2+ 55. Kh7 Qh5+ 0-1

[Event "VIII. Karnevals-Open"]
[Site "Solingen"]
[Date "2017.02.24"]
[Round "1.13"]
[White "Flesch, Dr. Stefan"]
[Black "Harnack, Dr. Bernhard"]
[Result "1-0"]
[WhiteElo "2073"]
[BlackElo "1711"]
[PlyCount "59"]
[EventDate "2017.??.??"]

1. d4 e6 2. c4 f5 3. Nf3 Nf6 4. g3 b6 5. Bg2 Bb7 6. O-O Be7 7. Nc3 O-O 8. b3
Na6 9. Bb2 Qe8 10. a3 Ne4 11. b4 Nxc3 12. Bxc3 c5 13. dxc5 bxc5 14. b5 Nc7 15.
a4 Rd8 16. Ne5 Bxg2 17. Kxg2 d5 18. Nc6 Ra8 19. Be5 Qd7 20. Bxc7 Qxc7 21. cxd5
Bf6 22. Rc1 exd5 23. Qxd5+ Rf7 24. Rxc5 Raf8 25. e3 Kh8 26. Rd1 Rc8 27. Ne5
Qxc5 28. Nxf7+ Kg8 29. Nh6+ Kf8 30. Qf7# 1-0

[Event "VIII. Karnevals-Open"]
[Site "Solingen"]
[Date "2017.02.24"]
[Round "1.14"]
[White "Ipekyilmaz, Tayfun"]
[Black "Fichtner, Ewald"]
[Result "1/2-1/2"]
[WhiteElo "1697"]
[BlackElo "2049"]
[PlyCount "83"]
[EventDate "2017.??.??"]

1. e4 c6 2. d4 d5 3. exd5 cxd5 4. c4 Nf6 5. Nc3 Nc6 6. c5 g6 7. Bb5 Bg7 8. Nge2
O-O 9. Bg5 Bf5 10. O-O Rc8 11. Qd2 Re8 12. Rad1 b6 13. Ba6 Rc7 14. Bf4 Rd7 15.
Bb5 Qc8 16. cxb6 a6 17. Bd3 Ne4 18. Bxe4 dxe4 19. Qe3 e5 20. dxe5 Rd3 21. Rxd3
exd3 22. Nd4 Nxe5 23. Qg3 Qd7 24. Nxf5 Qxf5 25. Rd1 Rb8 26. Bxe5 Bxe5 27. Qxd3
Qxd3 28. Rxd3 Rxb6 29. b3 Rc6 30. Nd1 Rc2 31. a4 Kg7 32. Kf1 h5 33. h3 Bc7 34.
Ne3 Ra2 35. Nc4 Bb8 36. Rd2 Ra1+ 37. Ke2 Rg1 38. Kf3 Rb1 39. Rb2 Rc1 40. Ke4
Rd1 41. Rd2 Rb1 42. Rb2 1/2-1/2

[Event "VIII. Karnevals-Open"]
[Site "Solingen"]
[Date "2017.02.24"]
[Round "1.15"]
[White "Kutzner, Joachim"]
[Black "Hufnagel, Markus"]
[Result "1-0"]
[WhiteElo "2043"]
[BlackElo "1680"]
[PlyCount "57"]
[EventDate "2017.??.??"]

1. e4 c5 2. b3 Nc6 3. Bb2 Nf6 4. e5 Ng8 5. Nf3 d6 6. Bb5 Bd7 7. exd6 exd6 8.
O-O Nf6 9. Re1+ Be7 10. Qe2 Be6 11. Ng5 Bd7 12. Na3 h6 13. Ne4 O-O 14. Qf3 Nxe4
15. Rxe4 Bf6 16. Bxf6 Qxf6 17. Qxf6 gxf6 18. Rae1 a6 19. Bxc6 Bxc6 20. Rg4+ Kh7
21. Nc4 d5 22. Nd6 Rad8 23. Nf5 d4 24. Rh4 h5 25. Rxh5+ Kg6 26. g4 Rfe8 27.
Rxe8 Rxe8 28. f4 Re1+ 29. Kf2 1-0

[Event "VIII. Karnevals-Open"]
[Site "Solingen"]
[Date "2017.02.24"]
[Round "1.16"]
[White "Gallas, Noel"]
[Black "Müdder, Rafael"]
[Result "0-1"]
[WhiteElo "1666"]
[BlackElo "2029"]
[PlyCount "88"]
[EventDate "2017.??.??"]

1. e4 c5 2. c3 d5 3. exd5 Qxd5 4. d4 Nc6 5. Nf3 Bf5 6. Be2 cxd4 7. cxd4 Bxb1 8.
Rxb1 e6 9. a3 Nf6 10. O-O Bd6 11. h3 O-O 12. Be3 Rad8 13. Qd2 Bb8 14. Rfd1 Ne7
15. Rbc1 Rc8 16. Ne5 Ne4 17. Qd3 Nc6 18. Nxc6 Rxc6 19. Rxc6 bxc6 20. Bf3 f5 21.
Rc1 c5 22. Bxe4 fxe4 23. Qc4 cxd4 24. Qxd5 exd5 25. Bxd4 Rd8 26. Kf1 Kf7 27.
Ke2 Ke6 28. g3 Be5 29. Rc6+ Kd7 30. Bxe5 Kxc6 31. Bxg7 d4 32. b3 Kd5 33. Bf6
Rc8 34. a4 Rc2+ 35. Ke1 Rb2 36. Bg5 Rxb3 37. Bd2 Kc4 38. Ke2 Rf3 39. a5 a6 40.
Bc1 Kc3 41. Bd2+ Kc2 42. Bg5 Rf5 43. Bd2 Rxf2+ 44. Kxf2 Kxd2 0-1

[Event "VIII. Karnevals-Open"]
[Site "Solingen"]
[Date "2017.02.24"]
[Round "1.17"]
[White "Pauls, Wilhelm"]
[Black "Cornelißen, Jonas"]
[Result "1-0"]
[WhiteElo "2009"]
[BlackElo "1656"]
[PlyCount "61"]
[EventDate "2017.??.??"]

1. e4 c5 2. Nf3 Nc6 3. Bb5 a6 4. Bxc6 bxc6 5. O-O g6 6. c3 Bg7 7. d4 cxd4 8.
cxd4 d5 9. e5 Qc7 10. Nc3 e6 11. Na4 Ne7 12. Bg5 Rb8 13. Rc1 h6 14. Bxe7 Kxe7
15. Qc2 Bd7 16. Qc5+ Kd8 17. Qc3 Ke7 18. Nc5 Rb6 19. Qa3 Ke8 20. Rc3 Bc8 21.
Rfc1 Bf8 22. Qa5 Qb8 23. b3 Be7 24. R3c2 Rb5 25. Nxa6 Qb7 26. Nc7+ Kd7 27. Nxb5
cxb5 28. Rc7+ Kd8 29. Rxb7+ Ke8 30. Rxc8+ Bd8 31. Qxd8# 1-0

[Event "VIII. Karnevals-Open"]
[Site "Solingen"]
[Date "2017.02.24"]
[Round "1.18"]
[White "Gawlick, Matthias"]
[Black "Harringer, Dr. Manfred"]
[Result "1/2-1/2"]
[WhiteElo "1645"]
[BlackElo "2004"]
[PlyCount "84"]
[EventDate "2017.??.??"]

1. d4 d5 2. Nf3 Nf6 3. g3 e6 4. Bg2 Be7 5. O-O O-O 6. b3 b6 7. Bb2 Bb7 8. Nbd2
c5 9. e3 Nbd7 10. c4 dxc4 11. Nxc4 b5 12. Nce5 Nxe5 13. Nxe5 Bxg2 14. Kxg2 Qb6
15. Rc1 Rac8 16. Qe2 Rc7 17. Rc2 cxd4 18. Bxd4 Qb7+ 19. f3 Rxc2 20. Qxc2 Rc8
21. Qb2 Qc7 22. Rf2 a6 23. e4 Ne8 24. Rd2 Bb4 25. Re2 Bc3 26. Bxc3 Qxc3 27.
Qxc3 Rxc3 28. Kf2 f6 29. Ng4 Kf8 30. Ne3 Ke7 31. Rc2 Rxc2+ 32. Nxc2 Kd6 33. Ke3
Kc5 34. Kd3 Nc7 35. b4+ Kd6 36. h4 g6 37. Ne3 Ne8 38. Kd4 f5 39. e5+ Kc6 40.
Ng2 Ng7 41. Nf4 Kb6 42. Kc3 Kc6 1/2-1/2

[Event "VIII. Karnevals-Open"]
[Site "Solingen"]
[Date "2017.02.24"]
[Round "1.19"]
[White "Tayyar, Alptug"]
[Black "Grunwald, Günther"]
[Result "1-0"]
[WhiteElo "2002"]
[BlackElo "1645"]
[PlyCount "29"]
[EventDate "2017.??.??"]

1. e4 e5 2. Nf3 Nc6 3. Bb5 a6 4. Ba4 Nf6 5. O-O Nxe4 6. d4 b5 7. Bb3 d5 8. dxe5
Be6 9. c3 Bc5 10. Nbd2 Bf5 11. Bc2 O-O 12. Nb3 Bb6 13. Nbd4 Nxd4 14. Nxd4 Bc5
15. Nxf5 1-0

[Event "VIII. Karnevals-Open"]
[Site "Solingen"]
[Date "2017.02.24"]
[Round "1.20"]
[White "Klugstedt, Vincent"]
[Black "Speck, Stefan"]
[Result "0-1"]
[WhiteElo "1635"]
[BlackElo "1989"]
[PlyCount "86"]
[EventDate "2017.??.??"]

1. d4 c5 2. e3 e6 3. c4 Nf6 4. Nc3 a6 5. Nf3 Nc6 6. Bd3 d5 7. O-O dxc4 8. Bxc4
b5 9. Bb3 c4 10. Bc2 Bb7 11. b3 b4 12. Ne2 c3 13. a3 a5 14. e4 Be7 15. Bf4 O-O
16. Re1 Re8 17. Ng3 Bf8 18. Qd3 Ba6 19. Qd1 Nxd4 20. Nxd4 e5 21. Bxe5 Rxe5 22.
f4 Re8 23. Kh1 Bc5 24. Nf3 Qxd1 25. Rexd1 Ng4 26. Rd5 Bb6 27. e5 Ne3 28. Bxh7+
Kxh7 29. Ng5+ Kg8 30. Rd7 Ra7 31. Rd6 Bc7 32. Rd7 Bb8 33. Rxa7 Bxa7 34. axb4
Rd8 35. N5e4 c2 36. Nd6 Bb7 37. h4 Bd4 38. Re1 Nxg2 39. Rc1 Bf3 40. Kh2 Ne3 41.
bxa5 Bb2 42. Nf1 Bxc1 43. Nxe3 Bxe3 0-1

[Event "VIII. Karnevals-Open"]
[Site "Solingen"]
[Date "2017.02.24"]
[Round "1.21"]
[White "Lübeck, Dr. Stephan"]
[Black "Tanz, Manfred"]
[Result "1-0"]
[WhiteElo "1988"]
[BlackElo "1629"]
[PlyCount "43"]
[EventDate "2017.??.??"]

1. d4 d5 2. Nf3 Nf6 3. Bg5 e6 4. e3 Be7 5. Nbd2 O-O 6. Bd3 c5 7. c3 c4 8. Bc2
a6 9. O-O b5 10. Ne5 Bb7 11. f4 Ne4 12. Bxe7 Qxe7 13. Rf3 f5 14. Rh3 Nxd2 15.
Qxd2 Rf6 16. g4 Rh6 17. Rxh6 gxh6 18. gxf5 Qg7+ 19. Kh1 Qf6 20. Rg1+ Kf8 21.
Qg2 Ke7 22. Qg7+ 1-0

[Event "VIII. Karnevals-Open"]
[Site "Solingen"]
[Date "2017.02.24"]
[Round "1.22"]
[White "Schülke, Tilman"]
[Black "Ehringfeld, Michael"]
[Result "1-0"]
[WhiteElo "1949"]
[BlackElo "1585"]
[PlyCount "137"]
[EventDate "2017.??.??"]

1. g3 Nf6 2. Bg2 g6 3. b4 Bg7 4. Bb2 d5 5. d3 O-O 6. c3 b6 7. Nd2 Bb7 8. Qc2
Nbd7 9. h3 Rc8 10. c4 c6 11. Ngf3 Qc7 12. O-O Rfd8 13. a3 dxc4 14. Nxc4 c5 15.
b5 Re8 16. Rad1 Nh5 17. Bxg7 Nxg7 18. Qd2 Bxf3 19. Bxf3 Ne5 20. Bg2 Nxc4 21.
dxc4 Red8 22. Qf4 Qxf4 23. gxf4 Ne6 24. e3 Rxd1 25. Rxd1 Rd8 26. Bd5 Kg7 27.
Ra1 Nc7 28. Be4 a5 29. bxa6 Nxa6 30. Rb1 Rd6 31. Kf1 Kf6 32. Ke2 e5 33. fxe5+
Kxe5 34. Bd3 Nc7 35. h4 h5 36. f4+ Kf6 37. Rh1 Kg7 38. e4 Ne6 39. Ke3 Nd4 40.
Rb1 Re6 41. Kf2 f6 42. f5 gxf5 43. exf5 Rd6 44. Be4 Kh7 45. Ke3 Kh6 46. Rb2 Kh7
47. Rb1 Kh6 48. Rg1 Kh7 49. Rg2 Nc6 50. Bd5 Ne5 51. Rb2 Kg7 52. Rb3 Ng4+ 53.
Kf4 Ne5 54. Kg3 Kh6 55. a4 Nd7 56. Rb5 Kg7 57. a5 bxa5 58. Rxa5 Rb6 59. Ra7 Rd6
60. Be6 Rd3+ 61. Kf2 Rd2+ 62. Ke3 Rh2 63. Rxd7+ Kf8 64. Rf7+ Ke8 65. Rxf6 Rxh4
66. Rh6 Rh3+ 67. Ke4 h4 68. f6 Kd8 69. Bxh3 1-0

[Event "VIII. Karnevals-Open"]
[Site "Solingen"]
[Date "2017.02.24"]
[Round "1.23"]
[White "Hörhold, Karola"]
[Black "Boschek, Dr. Hans-Joachim"]
[Result "1/2-1/2"]
[WhiteElo "1567"]
[BlackElo "1946"]
[PlyCount "67"]
[EventDate "2017.??.??"]

1. e4 c5 2. Nc3 e6 3. f4 d5 4. Nf3 Nc6 5. Bb5 d4 6. Nb1 Bd7 7. d3 Qa5+ 8. Nbd2
Qxb5 9. Nc4 Qa6 10. O-O b5 11. Nce5 Nf6 12. Ng5 O-O-O 13. Ngxf7 Be7 14. Nxd8
Rxd8 15. Nxd7 Rxd7 16. b3 Qb6 17. Bd2 a5 18. Qe2 Bf8 19. Rab1 Nb4 20. Bxb4 cxb4
21. Qf3 Qc5 22. g4 h6 23. h4 Ra7 24. g5 Nd7 25. Qh5 Kd8 26. Qg6 Qd6 27. e5 Qd5
28. Rbe1 Kc7 29. gxh6 gxh6 30. f5 Ra6 31. f6 Nxe5 32. Rxe5 Qxe5 33. Qf7+ Kb6
34. Qxf8 1/2-1/2

[Event "VIII. Karnevals-Open"]
[Site "Solingen"]
[Date "2017.02.24"]
[Round "1.24"]
[White "Schmuck, Markus"]
[Black "Bashylina, Luisa"]
[Result "1-0"]
[WhiteElo "1945"]
[BlackElo "1538"]
[PlyCount "57"]
[EventDate "2017.??.??"]

1. d4 Nf6 2. Bf4 g6 3. Nf3 Bg7 4. e3 O-O 5. c3 d6 6. Nbd2 Nfd7 7. Bg5 Nc6 8. b4
h6 9. Bh4 g5 10. Bg3 e5 11. Qb3 Kh8 12. dxe5 Ndxe5 13. Rd1 f5 14. Bxe5 Nxe5 15.
Be2 Qe7 16. O-O Be6 17. Qc2 Rae8 18. Nd4 Bd7 19. Rfe1 Qf6 20. f4 gxf4 21. exf4
Ng6 22. g3 Re3 23. Nf1 Re7 24. Bf3 c6 25. Bh5 Rfe8 26. Rxe7 Rxe7 27. Qd3 Nf8
28. Ne3 c5 29. Nd5 1-0

[Event "VIII. Karnevals-Open"]
[Site "Solingen"]
[Date "2017.02.24"]
[Round "1.25"]
[White "Ipekyilmaz, Mert"]
[Black "Vranidis, Athanassios"]
[Result "0-1"]
[WhiteElo "1533"]
[BlackElo "1936"]
[PlyCount "78"]
[EventDate "2017.??.??"]

1. e4 c5 2. Nf3 d6 3. Nc3 Nf6 4. Bb5+ Bd7 5. Bxd7+ Nbxd7 6. d4 cxd4 7. Nxd4 g6
8. O-O Bg7 9. Nb3 O-O 10. Bf4 Rc8 11. Rc1 a6 12. Re1 Nb6 13. Nd2 Qd7 14. h3 Na4
15. Nxa4 Qxa4 16. a3 Nh5 17. b3 Qxa3 18. Nc4 Qb4 19. Bd2 Bc3 20. Bxc3 Qxc3 21.
Re3 Qf6 22. Nb6 Rcd8 23. Qd5 Nf4 24. Qxb7 Qg5 25. e5 Ne2+ 26. Rxe2 Qxc1+ 27.
Kh2 dxe5 28. Qxe7 Rfe8 29. Qa7 Rd1 30. g3 e4 31. Rxe4 Rh1+ 32. Kg2 Qf1+ 33. Kf3
Qd1+ 34. Kg2 Rxe4 35. Qa8+ Kg7 36. Qxe4 Re1 37. Qg4 Qd6 38. Nc4 Qd5+ 39. f3
Re2+ 0-1

[Event "VIII. Karnevals-Open"]
[Site "Solingen"]
[Date "2017.02.24"]
[Round "1.26"]
[White "Borchert, Stephan"]
[Black "Berelowitsch, Dana"]
[Result "1-0"]
[WhiteElo "1934"]
[BlackElo "1528"]
[PlyCount "85"]
[EventDate "2017.??.??"]

1. e4 c5 2. Nf3 g6 3. c3 Bg7 4. d4 cxd4 5. cxd4 Nc6 6. Nc3 d6 7. Be2 Nf6 8. O-O
O-O 9. Bg5 a6 10. Rc1 Bd7 11. d5 Ne5 12. Nxe5 dxe5 13. Qb3 b5 14. Rfd1 Qa5 15.
a3 Rac8 16. Qb4 Qxb4 17. axb4 Rfd8 18. Ra1 Ra8 19. Ra5 e6 20. dxe6 fxe6 21. Rd6
h6 22. Be3 Bf8 23. Rdxa6 Rxa6 24. Rxa6 Bxb4 25. Na2 Bf8 26. f3 Rc8 27. Bd3 g5
28. Nc3 b4 29. Ne2 Nh5 30. g3 Rd8 31. Bc4 Kf7 32. Nc1 Rc8 33. b3 g4 34. Nd3 Kf6
35. fxg4 Ng7 36. Bxh6 Rc6 37. g5+ Ke7 38. Ra7 Kd6 39. Nxe5 Kxe5 40. Rxd7 Bc5+
41. Kg2 Ne8 42. g6 Nf6 43. Bg7 1-0

[Event "VIII. Karnevals-Open"]
[Site "Solingen"]
[Date "2017.02.24"]
[Round "1.27"]
[White "Poschadel, Andreas Gregor"]
[Black "Hoefer, Severin-Paul"]
[Result "0-1"]
[WhiteElo "1442"]
[BlackElo "1933"]
[PlyCount "56"]
[EventDate "2017.??.??"]

1. e4 c6 2. d4 d5 3. e5 c5 4. c3 Nc6 5. Nf3 Bg4 6. Be3 e6 7. b3 Nge7 8. Be2 Nf5
9. Qd3 Bxf3 10. Bxf3 Qb6 11. Bxd5 Nxe3 12. Bxc6+ Qxc6 13. Qxe3 Qxg2 14. Rf1
cxd4 15. Qxd4 Qc6 16. Nd2 Bc5 17. Qg4 g6 18. Ne4 O-O-O 19. Nxc5 Qxc5 20. Qc4
Qxc4 21. bxc4 Rd3 22. Rc1 Rhd8 23. Rc2 Rh3 24. Rh1 Rdd3 25. Ke2 Kc7 26. Rhc1
Kc6 27. Rf1 Kc5 28. f3 Kxc4 0-1

[Event "VIII. Karnevals-Open"]
[Site "Solingen"]
[Date "2017.02.24"]
[Round "1.29"]
[White "Tremöhlen, Thomas"]
[Black "Hanke, Stefan"]
[Result "1/2-1/2"]
[WhiteElo "1937"]
[BlackElo "1924"]
[PlyCount "104"]
[EventDate "2017.??.??"]

1. e4 c5 2. Nf3 Nc6 3. Nc3 g6 4. d4 cxd4 5. Nxd4 Bg7 6. Be3 Nf6 7. Be2 O-O 8.
O-O d6 9. f4 Nxd4 10. Bxd4 b6 11. Bf3 Bb7 12. Qe2 Nd7 13. Bxg7 Kxg7 14. Rad1
Qc7 15. Kh1 Rac8 16. Qf2 Qc5 17. Qh4 Rce8 18. e5 Bxf3 19. Rxf3 Qc6 20. Rh3 h5
21. Rhd3 Nc5 22. Rd5 dxe5 23. fxe5 a6 24. h3 b5 25. a3 Rg8 26. Qb4 Rc8 27. Qh4
Rc7 28. R5d2 Rb8 29. Nd5 Rcb7 30. b4 Na4 31. Nxe7 Qe6 32. Nd5 Qxe5 33. Re1 Qb2
34. Rd4 Rd7 35. Qf6+ Kh7 36. Qe5 Kh6 37. Qf4+ Kg7 38. Qe5+ Kh6 39. Qe3+ Kg7 40.
Re2 Rbd8 41. Qe5+ Kh6 42. g4 Qc1+ 43. Kg2 Qg5 44. Qxg5+ Kxg5 45. Re5+ Kh6 46.
gxh5 gxh5 47. Rh4 Rg8+ 48. Kf3 Rg5 49. Rxh5+ Rxh5 50. Rxh5+ Kxh5 51. Nf6+ Kh4
52. Nxd7 Nc3 1/2-1/2

[Event "VIII. Karnevals-Open"]
[Site "Solingen"]
[Date "2017.02.24"]
[Round "1.30"]
[White "Ebert, Jürgen"]
[Black "Zettl, Thomas"]
[Result "1-0"]
[WhiteElo "1914"]
[BlackElo "1926"]
[PlyCount "69"]
[EventDate "2017.??.??"]

1. e4 g6 2. d4 Bg7 3. Nc3 d6 4. Be3 Nc6 5. f4 Nf6 6. Be2 O-O 7. e5 Ne8 8. Nf3
e6 9. h4 Ne7 10. h5 dxe5 11. fxe5 Nd5 12. Bg5 f6 13. exf6 Bxf6 14. Bh6 Nxc3 15.
bxc3 Bg7 16. hxg6 hxg6 17. Qd2 Rf5 18. Bd3 Rh5 19. O-O-O Bxh6 20. Qxh6 Rxh6 21.
Rxh6 Ng7 22. Rdh1 Qf6 23. Ne5 Kf8 24. Rxg6 Qxg6 25. Nxg6+ Kf7 26. g4 b6 27.
Rf1+ Nf5 28. gxf5 exf5 29. Ne5+ Kg7 30. Bxf5 Bxf5 31. Rxf5 c5 32. Kd2 Rd8 33.
Kd3 a6 34. Rf7+ Kg8 35. Rf6 1-0